Волчья натура. Зверь в каждом из нас: фантастические романы

Detalles Bibliográficos
Autor principal: Васильев В. Н. Владимир Николаевич
Sumario:Люди-псы. Люди-волки. Люди, по дикому капризу реальности произошедшие не от обезьян, а от собак. Люди, которые не являются людьми в привычном нам смысле слова. Они еще века назад прошли биокоррекцию, нейтрализующую самый древний на свете волчий инстинкт — инстинкт охоты, убийства, жажды крови. Но, похоже, прошли не все. Хищники прячутся, скрываются в глуши, но агенты, в совершенстве постигшие профессию охотников, идут по следу тех, в ком — вольно или невольно — проявляется "волчья натура"... В каждом из нас живет зверь. В людях-псах. В людях-волках. В людях, что, по дикому капризу реальности, произошли не от обезьян, но от собак... Что делает человека человеком? Мы мыслим — значит мы существуем и являемся людьми, даже если на людей и не похожи? Или... мысль все-таки рано или поздно уступит, не выдержав борьбы с первородным инстинктом хищников? И тогда — а что случится тогда? Когда зверь, тайно живший в каждом из нас, вырвется на волю?..
Lenguaje:ruso
Publicado: Москва, АСТ, 2003
Colección:Звездный лабиринт: коллекция
Materias:
Formato: Libro
KOHA link:https://koha.lib.tpu.ru/cgi-bin/koha/opac-detail.pl?biblionumber=204795

MARC

LEADER 00000nam0a2200000 4500
001 204795
005 20231031190126.0
010 |a 5170085443 
035 |a (RuTPU)RU\TPU\book\223235 
035 |a RU\TPU\book\59597 
090 |a 204795 
100 |a 20111201d2003 m y0rusy50 ca 
101 0 |a rus 
102 |a RU 
105 |a y z 000ay 
200 1 |a Волчья натура. Зверь в каждом из нас  |e фантастические романы  |f В. Н. Васильев 
210 |a Москва  |c АСТ  |d 2003 
215 |a 606 с. 
225 1 |a Звездный лабиринт: коллекция 
330 |a Люди-псы. Люди-волки. Люди, по дикому капризу реальности произошедшие не от обезьян, а от собак. Люди, которые не являются людьми в привычном нам смысле слова. Они еще века назад прошли биокоррекцию, нейтрализующую самый древний на свете волчий инстинкт — инстинкт охоты, убийства, жажды крови. Но, похоже, прошли не все. Хищники прячутся, скрываются в глуши, но агенты, в совершенстве постигшие профессию охотников, идут по следу тех, в ком — вольно или невольно — проявляется "волчья натура"... В каждом из нас живет зверь. В людях-псах. В людях-волках. В людях, что, по дикому капризу реальности, произошли не от обезьян, но от собак... Что делает человека человеком? Мы мыслим — значит мы существуем и являемся людьми, даже если на людей и не похожи? Или... мысль все-таки рано или поздно уступит, не выдержав борьбы с первородным инстинктом хищников? И тогда — а что случится тогда? Когда зверь, тайно живший в каждом из нас, вырвется на волю?.. 
610 1 |a русская литература 
610 1 |a романы 
610 1 |a фантастика 
675 |a Р2  |v 3 
700 1 |a Васильев  |b В. Н.  |g Владимир Николаевич 
801 1 |a RU  |b 63413507  |c 20031009  |g PSBO 
801 2 |a RU  |b 63413507  |c 20111209  |g PSBO 
942 |c BK